000 00235nmm a2200097Ia 4500
008 220120s9999||||xx |||||||||||||||||und||
082 _a005 .133 MUE
100 _aMueller, Scott
245 0 _aUpgrading and repairing pcs
260 _c2003
999 _c139041
_d139041